Piłkarze Reprezentacji Gwinei Bissau - nagła śmierć - Statystyki

Ogólne statystyki
  • Ten quiz został rozwiązany 6 razy
  • Średni wynik to 3 z 8
Answers on the Grid
Answers color-coded by a green-red scale on the quiz's grid according to % correct below.
Rony Lopes
Dálcio
Reinildo Mandava
Mama Baldé
Piqueti
Sessi D'Almeida
Fali Candé
Carlos Mané
Bafétimbi Gomis
Franculino Djú
Moreto Cassamá
Iban Salvador
Zé Turbo
Luís Leal
 
Statystyki odpowiedzi
Odpowiedź % Poprawnych
Zé Turbo
83%
Mama Baldé
67%
Carlos Mané
50%
Piqueti
50%
Dálcio
33%
Fali Candé
17%
Franculino Djú
17%
Moreto Cassamá
0%
Nie znaleziono quizów pasujących do podanych kryteriów
Rozkład punktacji
Procent ludzi z każdym wynikiem
Percentyl według liczby udzielonych odpowiedzi
Twoja historia wyników
Nie rozwiązałeś tego quizu